Discovering careers for your future. Nature.

Bibliographic Details
Corporate Author: J.G. Ferguson Publishing Company
Format: Book
Language:English
Published: Chicago, Ill. : Ferguson Pub., [2002]
Subjects:

MARC

Tag First Indicator Second Indicator Subfields
LEADER 00000pam a22000004a 4500
001 in00001702352
005 20151024153102.0
008 010323s2002 ilua c b 001 0 eng
010 |a  2001033026 
020 |a 0894343963 
035 |a (OCoLC)ocm46683679 
040 |a DLC  |c DLC  |d UtOrBLW 
042 |a pcc  |a lcac 
049 |a TXAM 
050 0 0 |a QH49  |b .D57 2002 
082 0 0 |a 508/.023  |2 21 
245 0 0 |a Discovering careers for your future.  |p Nature. 
246 3 0 |a Nature 
264 1 |a Chicago, Ill. :  |b Ferguson Pub.,  |c [2002] 
264 4 |c ©2002 
300 |a 92 pages :  |b illustrations ;  |c 24 cm. 
336 |a text  |b txt  |2 rdacontent 
337 |a unmediated  |b n  |2 rdamedia 
338 |a volume  |b nc  |2 rdacarrier 
504 |a Includes bibliographical references and index. 
505 0 |a Adventure Travel Specialists--Biologists--Botanists-- Ecologists--Environmental Engineers--Fish and Game Wardens--Foresters--Geologists--Hazardous Waste Management Technicians--Land Trust or Preserve Managers--Naturalists--Oceanographers--Park Rangers--Pollution Control Technicians--Range Managers--Soil Conservation Technicians--Soil Scientists--Tree Experts--Wildlife Photographers--Zoologists. 
650 0 |a Natural history  |x Vocational guidance  |v Juvenile literature. 
650 0 |a Nature conservation  |x Vocational guidance  |v Juvenile literature. 
650 1 |a Natural history  |x Vocational guidance. 
650 1 |a Conservation of natural resources  |x Vocational guidance. 
650 1 |a Vocational guidance. 
710 2 |a J.G. Ferguson Publishing Company. 
948 |a cataloged  |b h  |c 2002/11/18  |e cmulkey  |f 13:55:55 
994 |a E0  |b TXA 
999 |a MARS 
999 f f |s 44341281-4bbc-35a3-84ce-9fc29f36058a  |i 884e9c31-a4f9-3e28-bb5b-1e96a9add823  |t 0 
952 f f |p normal  |a Texas A&M University  |b College Station  |c Sterling C. Evans Library  |d Evans: Curriculum Collection (4th floor)  |t 0  |e QH49 .D57 2002  |h Library of Congress classification  |i unmediated -- volume  |m A14829456623 
998 f f |a QH49 .D57 2002  |t 0  |l Evans: Curriculum Collection (4th floor)